| 000 | 00741nam a2200229 u 4500 | ||
|---|---|---|---|
| 005 | 20230106063528.0 | ||
| 008 | 170907s2007 eu r 000 0 spa d | ||
| 020 | _a9781600448607 | ||
| 035 | _aUPN01000220307 | ||
| 049 | _aI | ||
| 050 | 4 |
_aP211 _bF7.3 |
|
| 100 | 1 |
_aFreeman, Marcia S. _941867 |
|
| 245 | 1 | 0 |
_aHaz que se mueva / _cMarcia S. Freeman ; tr. Yanitzia Canetti. |
| 260 |
_aE.U.A. : _bRourke Classroom Resources, _c2007. |
||
| 300 |
_a8 p. : _bprincipalmente il. col. |
||
| 440 | 0 | _aDe la lectura a la escritura | |
| 650 | 4 |
_aESCRITURA - _vLITERATURA INFANTIL _911213 |
|
| 650 | 2 |
_aCiencia _vLiteratura infantil _911354 |
|
| 650 | 4 |
_aFUERZA Y ENERGIA - _vLITERATURA INFANTIL _911052 |
|
| 905 | _aInfantil | ||
| 999 |
_c192406 _d192406 |
||